000 01983nam0a2200361 i 4500
001 RU\NLR\BIBL_A\010779456
005 20241102154359.0
010 _a9785928211790
_9500
021 _aRU
_b2015-32856
_91945
035 _a(NILC)RuMoRGB-007922562
035 _a(NLR Aleph) 010779456
090 _a10059713
_c10059713
100 _a20150609d2014 km y0rusy50 ca
101 0 _arus
102 _aRU
105 _aa|||z||||01yy
200 1 _aМоделирование вариантов местоположения гостиничной недвижимости в структуре города по критерию инвестиционной ценности территории
_fТ. В. Учинина
_gМ-во образования и науки Российской Федерации, Федеральное гос. бюджетное образовательное учреждение высш. проф. образования "Пензенский гос. ун-т архитектуры и стр-ва" (ПГУАС)
210 _aПенза
_cИзд-во ПГУАС
_d2014
215 _a199 с.
_cил.
_d20
320 _aБиблиогр.: с. 194-197 (64 назв.)
606 1 _aГостиничное хозяйство
_xИнвестиции капитала
_yРоссийская Федерация
_92299210
_3RU\NLR\AUTH\661376624
606 1 _aГостиницы
_xСтроительство
_xИнвестиции капитала
_92256465
_3RU\NLR\AUTH\6601583337
606 _aГостиницы
_xПланировка и строительство
_91463884
_3RU\NLR\AUTH\66311857
686 1 _aУ44(2)135.7-56(2Р)
686 1 _aУ31(2)544.135.7-56(2Р)
686 1 _aЩ117-022
700 1 _aУчинина
_bТ. В.
_gТатьяна Владимировна
801 0 _aRU
_bРГБ
_c20150429
_gRCR
801 1 _aRU
_bРГБ
_c20150429
_2rusmarc
942 _cBOOK
980 _aNBR